El desarrollo ausente (Registro nro. 7001)

Detalles MARC
000 -LEADER
fixed length control field 01261 a2200241 4500
001 - CONTROL NUMBER
control field 60448
005 - DATE AND TIME OF LATEST TRANSACTION
control field 20260407155856.0
008 - FIXED-LENGTH DATA ELEMENTS--GENERAL INFORMATION
fixed length control field 260407a1995 arg spa d
003 - CONTROL NUMBER IDENTIFIER
control field AR-UNSa-BCEJYS
040 ## - CATALOGING SOURCE
Original cataloging agency AR-UNSa-BCEJYS
Language of cataloging spa
Transcribing agency AR-UNSa-BCEJYS
080 ## - UNIVERSAL DECIMAL CLASSIFICATION NUMBER
Universal Decimal Classification number 338.2(82)
Common auxiliary subdivision Política económica. Control de la economía. Gestión de la economía. Planificación económica en Argentina
020 ## - INTERNATIONAL STANDARD BOOK NUMBER
International Standard Book Number 978-950-718-104-7
041 ## - LANGUAGE CODE
Language code of text/sound track or separate title spa
100 1# - MAIN ENTRY--PERSONAL NAME
Personal name Azpiazu, Daniel
245 10 - TITLE STATEMENT
Title El desarrollo ausente
Name of part/section of a work Restricciones al desarrollo, neoconservadurismo y élite económica en la Argentina; ensayos de economía política
250 ## - EDITION STATEMENT
Edition statement 2a. ed.
264 #1 - PRODUCTION, PUBLICATION, DISTRIBUTION, MANUFACTURE, AND COPYRIGHT NOTICE
Place of production, publication, distribution, manufacture Buenos Aires :
Name of producer, publisher, distributor, manufacturer Tesis Grupo Editorial Norma
Date of production, publication, distribution, manufacture, or copyright notice 1995
300 ## - PHYSICAL DESCRIPTION
Extent 233 p.
Dimensions 22 cm.
505 ## - FORMATTED CONTENTS NOTE
Formatted contents note 1. Subdesarrollo y hegemonía neoconservadora ¿Veinte años no es nada? / Daniel Azpiazu; Hugo Nochteff - 2. Los senderos perdidos del desarrollo. Elite económica y restricciones al desarrollo en la Argentina / Hugo Nochteff – 3. La industria Argentina ante la Privatización, la Desregulación y la Apertura Asimétricas de la Economía. LA creciente polarización del poder económico / Daniel Azpiazu -
590 ## - LOCAL NOTE (RLIN)
Local note niveau_biblio:m niveau_hierar:0
700 1# - ADDED ENTRY--PERSONAL NAME
Personal name Nochteff, Hugo J.
942 ## - ADDED ENTRY ELEMENTS (KOHA)
Koha item type
Existencias
Withdrawn status Lost status Damaged status Not for loan Home library Current library Shelving location Date acquired Total checkouts Full call number Barcode Date last seen Price effective from Koha item type Public note
        Biblioteca Prof. Eusebio Cleto del Rey Biblioteca Prof. Eusebio Cleto del Rey   07/04/2026   338.2(82) A996 2ed. L129191 07/04/2026 07/04/2026 Libro RESALTADOR - LÁPIZ -